Vaivén de arraigos y desarraigos: identidad afrocaribeña en Costa Rica, 1870-1940 /

Efectúa un recorrido histórico de la presencia del grupo afrocaribeño en Costa Rica. Se detiene a señalar y analizar algunos de los principales escenarios de interacción social donde éstos toman parte, para luego reflexionar sobre las posibilidades y escollos para la constitución de su afroetnicidad...

Deskribapen osoa

Gorde:
Xehetasun bibliografikoak
Egile nagusia: Murillo Chaverri, Carmen
Formatua: Texto
Gaiak:
Etiketak: Etiketa erantsi
Etiketarik gabe, Izan zaitez lehena erregistro honi etiketa jartzen!

MARC

LEADER 00000 a a2200000 04500
001 15621
003
040
100 |a Murillo Chaverri, Carmen  
245 |a Vaivén de arraigos y desarraigos:   |b identidad afrocaribeña en Costa Rica, 1870-1940 /  |c Carmen Murillo Chaverri 
520 |a Efectúa un recorrido histórico de la presencia del grupo afrocaribeño en Costa Rica. Se detiene a señalar y analizar algunos de los principales escenarios de interacción social donde éstos toman parte, para luego reflexionar sobre las posibilidades y escollos para la constitución de su afroetnicidad. El reconocimiento de la etnicidad del grupo a través de la diferenciación, le sanciona como actor social y le permite entrar en la arena pública de disputa por el poder. REV/LCL  
650 |a RELACIONES RACIALES  
650 |a IDENTIDAD CULTURAL  
650 |a NEGROS  
650 |a ETNICIDAD  
773 |g número 39; páginas 187-206  
999 |c 38670  |d 38670